Introducción a la cirugía del simpático (Record no. 60882)
[ view plain ]
| 000 -LEADER | |
|---|---|
| campo de control de longitud fija | 00491nam a2200145 i 4500 |
| 001 - NÚMERO DE CONTROL | |
| campo de control | 60882 |
| 003 - IDENTIFICADOR DE NÚMERO DE CONTROL | |
| campo de control | ES-MaACL |
| 007 - CAMPO FIJO DE DESCRIPCIÓN FÍSICA--INFORMACIÓN GENERAL | |
| campo de control de longitud fija | t| |
| 008 - DATOS DE LONGITUD FIJA--INFORMACIÓN GENERAL | |
| campo de control de longitud fija | 031107s1944 sp ||||1| spa d |
| 100 1# - ENTRADA PRINCIPAL--NOMBRE DE PERSONA | |
| Nombre de persona | Estella Bermúdez de Castro, Luis. |
| 9 (RLIN) | 48096 |
| 245 10 - MENCIÓN DEL TÍTULO | |
| Título | Introducción a la cirugía del simpático |
| Resto del título | : bloqueos anestésicos / |
| Mención de responsabilidad, etc. | por Luis Estella Bermúdez de Castro. |
| 260 ## - PUBLICACIÓN, DISTRIBUCIÓN, ETC. | |
| Lugar de publicación, distribución, etc. | Madrid : |
| Nombre del editor, distribuidor, etc. | Alhambra, |
| Fecha de publicación, distribución, etc. | 1944 ( |
| Fabricante | Industrias Gráficas) |
| 300 ## - DESCRIPCIÓN FÍSICA | |
| Extensión | 407 p. ; |
| Dimensiones | 24 cm. |
| 852 ## - LOCALIZACIÓN | |
| Ubicación | ES-MaACL |
| Número de control de estantería | E-821 |
| Sublocalización o colección | R.20900 |
| Estatus retirado | Estado de pérdida | Estado de daño | No para préstamo | Biblioteca de origen | Biblioteca actual | Ubicación en estantería | Fecha de adquisición | Fuente de adquisición | Total de préstamos | Signatura topográfica completa | Código de barras | Visto por última vez | Precio de reemplazo | Tipo de ítem Koha |
|---|---|---|---|---|---|---|---|---|---|---|---|---|---|---|
| Biblioteca del Ateneo de Madrid | Biblioteca del Ateneo de Madrid | Depósito 2 | 17/01/2008 | E-821 | 1063846 | 23/02/2023 | 23/02/2023 | Libro impreso |
